| 000 | 00469cam a2200181 a 4500 | ||
|---|---|---|---|
| 003 | OSt | ||
| 008 | 240321b |||||||| |||| 00| 0 eng d | ||
| 020 | _a075068934X : | ||
| 020 | _a9780750689342 | ||
| 041 | _aeng | ||
| 082 | 0 | 0 |
_a690.892 _bSOU/FA |
| 100 | 1 | _aSouthorn, Neil. | |
| 245 | 1 | 0 | _aFarm buildings : planning and construction / |
| 260 |
_a[Port Melbourne] : _bInkata, _cc1996. |
||
| 300 |
_a151 p. : _bill. ; |
||
| 650 | 0 |
_aFarm buildings _96157 |
|
| 942 | _cBK | ||
| 999 |
_c13766 _d13766 |
||